| 000 | 00953nam a2200265Ia 4500 | ||
|---|---|---|---|
| 003 | OSt | ||
| 005 | 20220923211306.0 | ||
| 006 | a|||||r|||| 00| 0 | ||
| 007 | ta | ||
| 008 | 220922b |||||||| |||| 00| 0 hin d | ||
| 020 |
_a9788179751916 (hbk) _c1000 |
||
| 024 | _a276,310 | ||
| 037 |
_b212, 23/09/2013, Swaraj Prakashan _cTextual |
||
| 040 |
_aARTS _cARTS _bhin |
||
| 041 |
_2hin _ahin |
||
| 082 | _aO152,6N268x, P8 | ||
| 100 | _aकपूर, मस्तराम | ||
| 245 | 0 | _aनैतिक लोकतंत्र की तलाश | |
| 246 | _aNaitik lokatantra kī talāsha | ||
| 260 |
_aनई दिल्ली _b अनामिका पब्लिशर्स _c2008 |
||
| 300 |
_a348पृ. _ccm. |
||
| 650 |
_aहिन्दी साहित्य _9156264 |
||
| 942 |
_hO152,6N268x, P8 _cTEXL _2CC |
||
| 999 |
_c298196 _d298196 |
||